000 00649nam a2200277Ia 4500
005 20260121124441.0
008 008 260114s9999 xx 000 0 eng d
020 _a9781772123609
037 _aEBOOK
040 _aCRL
040 _beng
040 _cCRL
041 _2eng
041 _aeng
084 _qCRL
100 _aLilburn, Tim
_9976197
245 4 _aThe Larger Conversation
260 _bWalter de Gruyter
260 _bWalter de Gruyter
260 _c2017
650 _aPhilosophy
_9976198
856 _uhttp://www.degruyter.com/isbn/9781772123609
942 _cEBOOK
999 _c1554685
_d1554685